| 000 | 01997cam a22004934i 4500 | ||
|---|---|---|---|
| 003 | PE-LiUPU | ||
| 005 | 20250731173424.0 | ||
| 008 | 150706s2005 txua rb 000 0 spa d | ||
| 020 | _a9780311043712 | ||
| 035 | _a(Sirsi) i9780311043712 | ||
| 040 |
_aPE-LiUPU _bspa _cPE-LiUPU _erda |
||
| 049 | _aPRUA | ||
| 082 | 0 | 4 |
_a232.954 _bF83 _221 |
| 100 | 1 |
_aFricke S., Roberto, _eautor. |
|
| 245 | 1 | 4 |
_aLas parábolas de Jesús : _buna aplicación para hoy / _cRoberto Fricke S.,Juan Carlos Cevallos, editor. |
| 264 | 1 |
_aEl Paso, Texas : _bEditorial Mundo Hispano, _c2005. |
|
| 300 |
_a280 páginas : _bilustraciones ; _c21 centímetros |
||
| 336 |
_atext _2rdacontent |
||
| 337 |
_aunmediated _2rdamedia |
||
| 338 |
_avolume _2rdacarrier |
||
| 504 | _aIncluye bibliografía. | ||
| 505 | 0 | _aDefinición de parábola -- Origen de las parábolas -- Propósito de las parábolas -- Importancia de las parábolas -- Clasificación de las parábolas -- Ubicación de las parábolas -- La venida del Reino -- La crisis del reino -- La gracia del reino -- Los súbditos del reino. | |
| 526 | _aSEG42 | ||
| 526 | _aSEG41 | ||
| 526 | _aSEG40 | ||
| 526 | _aSEG39 | ||
| 526 | _aP94 | ||
| 526 | _aP87 | ||
| 526 | _aP86 | ||
| 526 | _aP85 | ||
| 526 | _aP77 | ||
| 526 | _aP76 | ||
| 526 | _aP35 | ||
| 541 | _g001-0000607; | ||
| 650 | 0 | 4 | _aParábolas evangélicas. |
| 650 | 0 | 4 |
_aEducación Cristiana de adultos. _96279 |
| 700 | 1 |
_aCevallos, Juan Carlos, _eeditor. |
|
| 910 |
_agl _bjv _cng _d20121024 |
||
| 942 |
_2ddc _cBOOK |
||
| 949 |
_a232.954 F83 _wDEWEY _c1 _i65695 _lCCODEBUL1 _mBUL _p26.00 _r0 _sY _tBOOK _u2015-7-6 _xTEOLOGIA _PP35 _o.STAFF. Colección General |
||
| 994 |
_aC0 _bPEPRU |
||
| 596 | _a1 | ||
| 999 |
_a232.954 F83 _wDEWEY _c54127 _i65695 _d54127 _e2019-6-3 _f2021-11-10 _g5 _lCCODEBUL1 _mBUL _n12 _p26.00 _q1 _r0 _sY _tBOOK _u2015-7-6 _xTEOLOGIA _PP35 _0COMPRA _o.STAFF. Colección Teología |
||
| 980 |
_81 _gALBERTO SANCHEZ Responsable de Automatización |
||